000
00286nam a22001457a 4500
020
_a
0011
041
_a
ENG
100
_a
Gupta
245
_a
Workshop Technology Vol 2
260
_a
Delhi
_b
New Heights
_c
1964
300
_a
523
650
_a
FMP
700
_a
Kaushish
856
_u
FMP
999
_c
425
_d
425